| 000 | 00743nam a22002537a 4500 | ||
|---|---|---|---|
| 003 | URS | ||
| 005 | 20251022142536.0 | ||
| 008 | 251008b ||||| |||| 00| 0 eng d | ||
| 020 | _a978-1-7182-1453-8 | ||
| 040 | _cURS | ||
| 050 |
_aGV709.3 _b.I67 2025 |
||
| 100 | _aHardin, Robin | ||
| 245 | _aIntroduction to Adaptive Sport and Recreation | ||
| 264 |
_aUSA _bHuman Kinetics _c©2025 |
||
| 300 |
_a268 pages.,: _c28 cm. |
||
| 336 |
_2rdacontent _atext |
||
| 337 |
_2rdamedia _aunmediated |
||
| 338 |
_2rdacarrier _avolume |
||
| 650 | 0 | _aSports for people with disabilities | |
| 650 | 0 | _aPhysical fitness for people with disabilities | |
| 650 | 0 |
_aPeople with disabilities _xRecreation |
|
| 700 | _aPate, Joshua R. | ||
| 942 |
_2lcc _cFR |
||
| 999 |
_c88362 _d88359 |
||